El pensamiento salvaje /

Gespeichert in:
Bibliographische Detailangaben
1. Verfasser: Lévi-Strauss, Claude (autor)
Weitere Verfasser: González Aramburu, Francisco (traducción) (traducción)
Format: Buch
Sprache:Spanisch
Veröffentlicht: México : Fondo de Cultura Económica, 1964, c1964
Schriftenreihe:(Breviarios ; 173)
Schlagworte:
Tags: Tag hinzufügen
Keine Tags, Fügen Sie das erste Tag hinzu!

MARC

LEADER 00000nam^a2200000^a^4500
001 000000299
005 20250521000000.0
009 20260310083020.114
037 |a Acervo ITESO - Biblioteca 
041 |a ESP 
082 |a 082.  |b BRE V. 173 
100 |a Lévi-Strauss, Claude  |e (autor) 
245 1 3 |a El pensamiento salvaje /  |c C. Lévi-Strauss ; tr. por F. González Aramburo. 
264 4 |a México :  |b Fondo de Cultura Económica,  |c 1964, c1964 
300 |a 413 p. 
336 |a texto  |b txt  |2 rdacontenido 
337 |a sin mediación  |b n  |2 rdamedio 
338 |a volumen  |b nc  |2 rdasoporte 
440 1 |a (Breviarios ;  |v 173) 
500 |a Traducción de: La pensée sauvage 
649 |a XX 
650 |a Totemismo 
650 |a Mitología 
650 |a Ritos 
650 |a Prácticas Culturales 
650 |a Cosmovisión 
650 |a Estructuralismo 
650 |a Antropología Cultural -  |x Tema Principal 
700 |a González Aramburu, Francisco  |e (traducción) 
910 |a Fondo General 
920 |a Impresos - Libros 
930 |a Colección General 
905 |a 101 
901 |a 0002990100  |b IT1  |c ACC  |i 000299  |u 20250521 
901 |a 0500097993  |b IT1  |c ACC  |u 20250521 
902 |a https://opac.biblio.iteso.mx/vufind/Record/000000299